00666 a2200169 4500003000500000005001700005040000900022082001000031100002900041245011400070260003100184300001700215505020800232538002900440650001500469651001200484Nust20170207153212.0 cNust a005.1 aKhan, Fawad (MSCS-11) aEthernet passive optical network (EPON) system with triple play support for NUST access networkcFawad Khan  bMCS,NUSTc2007aRawalpindi aviii,63, p.; aIntroduction (page-1) Literature review (page-4) NUST hybrid pon with triple play support (page-11) Analysis (page-25) Simulation and results (page-33) Conclusion and future research directions (page-42) aAlmirah No 73 Shelf No 2 a PG Thesis aMSCS-11